[Event "SC Böblingen - TSV Schönaich 2"]
[Site "?"]
[Date "2023.02.05"]
[Round "6.3"]
[White "Reck, Moritz"]
[Black "Ortmann, David"]
[Result "1/2-1/2"]
[WhiteElo "2131"]
[BlackElo "2320"]
[PlyCount "112"]
[EventDate "2023.??.??"]

1. e4 e6 2. d4 d5 3. exd5 exd5 4. Bd3 Nf6 5. Nf3 c5 6. c3 c4 7. Bc2 Be7 8. O-O O-O 9. Re1 Nc6 10. Bg5 Bg4 11. Nbd2 Re8 12. Qb1 h6 13. Bh4 b5 14. Bf5 Bxf5 15. Qxf5 Qd7 16. Qxd7 Nxd7 17. Bxe7 Rxe7 18. Rxe7 Nxe7 19. Re1 Kf8 20. Ne5 Nb6 21. Nf1 f6 22. Ng4 Na4 23. Re2 Rb8 24. a3 a5 25. Nge3 b4 26. axb4 axb4 27. Nd1 bxc3 28. bxc3 Rb3 29. Rc2 Rb1 30. Ra2 Nb6 31. Nde3 Kf7 32. g4 Nec8 33. f4 g6 34. Kg2 Rc1 35. Ra3 Rb1 36. h4 Rb3 37. Rxb3 cxb3 38. Nd2 b2 39. Kf3 Nd6 40. Ke2 Ne4 41. Nb1 h5 42. gxh5 gxh5 43. Kd3 Ke6 44. f5+ Kd7 45. Kc2 Ng3 46. Nd2 Na4 47. Nxd5 Nxf5 48. Nxf6+ Kc6 49. Nxh5 Nxh4 50. Nf4 Nf5 51. d5+ Kd6 52. Nc4+ Kc5 53. Nxb2 Ne3+ 54. Kd3 Nxc3 55. Kxe3 Nxd5+ 56. Nxd5 Kxd5 1/2-1/2

[Event "SC Böblingen - TSV Schönaich 2"]
[Site "?"]
[Date "2023.02.05"]
[Round "6.4"]
[White "Hirneise, Jens"]
[Black "Petzold, Tristan"]
[Result "1-0"]
[WhiteElo "2273"]
[BlackElo "2104"]
[PlyCount "61"]
[EventDate "2023.??.??"]

1. e4 e5 2. Nf3 Nc6 3. Bb5 a6 4. Ba4 Nf6 5. Nc3 b5 6. Bb3 Bc5 7. Nd5 Nxe4 8. d4 Bxd4 9. Nxd4 Nxd4 10. Qg4 Nxb3 11. Qxg7 d6 12. Qxh8+ Kd7 13. Qxd8+ Kxd8 14. axb3 c6 15. Nb6 Ra7 16. Nxc8 Kxc8 17. Be3 Ra8 18. O-O Kb7 19. f4 f6 20. fxe5 dxe5 21. b4 Rg8 22. Rad1 Kc7 23. Rf5 Rg6 24. c3 Nd6 25. Bb6+ Kd7 26. Bc5 Ke6 27. Rxf6+ Rxf6 28. Rxd6+ Kf5 29. g4+ Kg6 30. Kg2 Kf7 31. Rxf6+ 1-0

[Event "SC Böblingen - TSV Schönaich 2"]
[Site "?"]
[Date "2023.02.05"]
[Round "6.5"]
[White "Stukenbrok, Nils"]
[Black "Seitz, Patrick"]
[Result "0-1"]
[WhiteElo "2078"]
[BlackElo "2218"]
[PlyCount "76"]
[EventDate "2023.??.??"]

1. d4 Nf6 2. c4 g6 3. g3 Bg7 4. Bg2 O-O 5. Nc3 d6 6. Nf3 a6 7. O-O Nc6 8. Qd3 e5 9. d5 Ne7 10. e4 h6 11. c5 Nd7 12. cxd6 cxd6 13. b4 f5 14. Nd2 f4 15. Nc4 Nb6 16. Na5 g5 17. f3 Ng6 18. g4 Rf7 19. Bd2 Nd7 20. Nc4 Nf6 21. h3 h5 22. Be1 Bf8 23. Bf2 hxg4 24. hxg4 Nxg4 25. fxg4 Bxg4 26. Bb6 Qc8 27. Nd2 f3 28. Nxf3 Nf4 29. Qd2 Qxc3 30. Qxc3 Ne2+ 31. Kf2 Nxc3 32. Ke3 Bh6 33. Kd3 Nxe4 34. Nxe5 dxe5 35. Rxf7 Kxf7 36. Bxe4 Bd7 37. Rf1+ Kg7 38. Bc7 Bb5+ 0-1

[Event "SC Böblingen - TSV Schönaich 2"]
[Site "?"]
[Date "2023.02.05"]
[Round "6.6"]
[White "Mueller, Ralf"]
[Black "Schnadt, Florian"]
[Result "1-0"]
[WhiteElo "2347"]
[BlackElo "2009"]
[PlyCount "77"]
[EventDate "2023.??.??"]

1. d4 d5 2. c4 c6 3. Nc3 Nf6 4. cxd5 cxd5 5. Bf4 Nc6 6. e3 a6 7. Bd3 e6 8. Rc1 Bd6 9. Bxd6 Qxd6 10. f4 Bd7 11. Nf3 b5 12. O-O Na5 13. Ne5 O-O 14. Qe1 b4 15. Nb1 Bb5 16. Rc5 Bxd3 17. Nxd3 Nb7 18. Rc2 a5 19. Qe2 Rfc8 20. Rfc1 Qd8 21. Nd2 Nd6 22. Nb3 Rxc2 23. Rxc2 Rc8 24. Ne5 a4 25. Nc5 a3 26. bxa3 bxa3 27. Qd3 Qa5 28. Qc3 Qa7 29. Qd2 h5 30. h3 Qb6 31. Qc1 Ra8 32. Kh2 g6 33. Ncd7 Nxd7 34. Nxd7 Qb5 35. Ne5 Ra7 36. Rc7 Qb8 37. Rc6 Kg7 38. Qc2 Qb7 39. Rxd6 1-0

[Event "SC Böblingen - TSV Schönaich 2"]
[Site "?"]
[Date "2023.02.05"]
[Round "6.7"]
[White "Steinhart, Christoph"]
[Black "Tran, Thanh Kien"]
[Result "0-1"]
[WhiteElo "2010"]
[BlackElo "2138"]
[PlyCount "114"]
[EventDate "2023.??.??"]

1. e4 c5 2. c4 g6 3. g3 Bg7 4. Bg2 Nc6 5. Nc3 e6 6. Nge2 Nge7 7. d3 O-O 8. a3 b6 9. O-O Bb7 10. Rb1 d6 11. b4 Qd7 12. Bf4 Nd4 13. Qd2 Rfd8 14. Bh6 Bh8 15. Nxd4 cxd4 16. Ne2 Rac8 17. f4 f5 18. Rbc1 Rc7 19. Bg5 Rdc8 20. Bxe7 Qxe7 21. exf5 Bxg2 22. Kxg2 exf5 23. Ng1 Qf7 24. Nf3 Bf6 25. Qf2 b5 26. Nxd4 bxc4 27. dxc4 Rxc4 28. Rxc4 Rxc4 29. Nf3 Rc3 30. Rd1 Rxa3 31. Rxd6 Ra2 32. Rd2 Rxd2 33. Qxd2 Qc4 34. Qe1 Qd5 35. Qe2 Kg7 36. b5 Qd7 37. Qc4 Qb7 38. Qc6 Qe7 39. Qc4 Qe3 40. Qf1 Kf7 41. Qc4+ Qe6 42. Qd3 Ke8 43. Kf1 Qd7 44. Qc4 Kd8 45. Ne1 Ke7 46. Nd3 Qd4 47. Qc7+ Kf8 48. Ne5 Qd1+ 49. Kf2 Qd2+ 50. Kf3 Qd5+ 51. Kf2 Bxe5 52. fxe5 Qf7 53. Qd6+ Qe7 54. Qd5 Qc7 55. Kf3 Qc3+ 56. Kf4 Qc1+ 57. Kf3 Qh1+ 0-1

[Event "SC Böblingen - TSV Schönaich 2"]
[Site "?"]
[Date "2023.02.05"]
[Round "6.8"]
[White "Schuh, Karsten"]
[Black "Rechtsteiner, Oliver"]
[Result "1/2-1/2"]
[WhiteElo "2149"]
[BlackElo "1950"]
[PlyCount "84"]
[EventDate "2023.??.??"]

1. c4 e5 2. g3 Nf6 3. Bg2 d5 4. cxd5 Nxd5 5. Nc3 Nb6 6. Nf3 Nc6 7. O-O Be7 8. a3 a5 9. d3 Be6 10. Be3 Nd5 11. Bd2 O-O 12. Rc1 Nxc3 13. Bxc3 f6 14. Qa4 Qd7 15. Rfe1 Rfd8 16. Qb5 Bd5 17. Nh4 Bxg2 18. Nxg2 Qd5 19. Qxd5+ Rxd5 20. Ne3 Rd7 21. Kg2 Kf7 22. f4 Bc5 23. Nf5 Nd4 24. Bxd4 Bxd4 25. Nxd4 exd4 26. Rc5 b6 27. Rc6 Re8 28. Kf2 Re6 29. Rec1 Rxc6 30. Rxc6 f5 31. h3 Ke8 32. b4 axb4 33. axb4 Kd8 34. g4 Rd5 35. Kf3 Kd7 36. Rc4 g6 37. g5 Rd6 38. h4 Rd5 39. Rc1 Kc8 40. h5 Kb7 41. hxg6 hxg6 42. Kf2 Rd6 1/2-1/2

[Event "SK Schmiden/Cannstatt - Stuttgarter SF 2"]
[Site "?"]
[Date "2023.02.05"]
[Round "6.1"]
[White "Brueckner, Thomas"]
[Black "Krockenberger, Martin"]
[Result "0-1"]
[WhiteElo "2372"]
[BlackElo "2178"]
[PlyCount "82"]
[EventDate "2023.??.??"]

1. e4 c5 2. Nf3 d6 3. d4 cxd4 4. Nxd4 Nf6 5. Nc3 a6 6. Bd3 g6 7. f3 Bg7 8. Be3 Nc6 9. Qd2 O-O 10. O-O-O Bd7 11. g4 b5 12. h4 b4 13. Nce2 Qa5 14. Kb1 Nxd4 15. Nxd4 Bb5 16. h5 Bxd3 17. cxd3 Rfc8 18. hxg6 fxg6 19. g5 Nh5 20. Nf5 Rc7 21. Nxg7 Kxg7 22. Rc1 Rac8 23. Rxc7 Rxc7 24. f4 e5 25. fxe5 dxe5 26. Rc1 Rxc1+ 27. Qxc1 Qd8 28. Qc4 Nf4 29. Qxa6 Qxg5 30. Qb7+ Kh6 31. Qxb4 Qg3 32. Qd2 g5 33. a4 Qh3 34. Qf2 Qd7 35. d4 Qxa4 36. Bxf4 exf4 37. Qh2+ Kg6 38. Qd2 f3 39. d5 Qxe4+ 40. Ka2 Qa4+ 41. Kb1 Qf4 0-1

[Event "SK Schmiden/Cannstatt - Stuttgarter SF 2"]
[Site "?"]
[Date "2023.02.05"]
[Round "6.2"]
[White "Schmidt, Tobias"]
[Black "Forster, Lukas"]
[Result "1/2-1/2"]
[WhiteElo "2241"]
[BlackElo "1949"]
[PlyCount "141"]
[EventDate "2023.??.??"]

1. e4 c5 2. c3 Nf6 3. e5 Nd5 4. Nf3 d6 5. exd6 e6 6. d4 cxd4 7. Nxd4 Bxd6 8. g3 O-O 9. Bg2 Nc6 10. O-O Nxd4 11. Qxd4 Qb6 12. Qxb6 Nxb6 13. Rd1 Bc7 14. Na3 a6 15. Be3 e5 16. Rd2 Rb8 17. c4 Be6 18. Rad1 g6 19. b3 Nc8 20. Nc2 Ba5 21. b4 Bc7 22. Bd5 Bg4 23. f3 Bf5 24. Bg5 Bxc2 25. Rxc2 Kg7 26. c5 h6 27. Be3 Ne7 28. Bb3 Rfd8 29. Rcd2 Rxd2 30. Rxd2 Rd8 31. Rxd8 Bxd8 32. Kf2 Bc7 33. Ke2 f5 34. Kd3 g5 35. a4 Kf6 36. b5 axb5 37. axb5 h5 38. Kc4 g4 39. Bd1 Ke6 40. Bf2 Kf6 41. Be3 Ke6 42. Bg5 Nd5 43. b6 Bb8 44. Be2 f4 45. fxg4 Ne3+ 46. Kd3 Nxg4 47. Bxg4+ hxg4 48. Ke4 f3 49. Be3 Kf6 50. Bf2 Ke6 51. Bg1 Kf6 52. Bf2 Ke6 53. Be3 Kf6 54. Bg1 Ke6 55. h4 gxh3 56. Kxf3 Kd5 57. Kg4 h2 58. Bxh2 Kxc5 59. Kf5 e4 60. Bg1+ Kc4 61. g4 Kd3 62. g5 Bd6 63. Ke6 Bf8 64. Kd7 e3 65. g6 e2 66. Bf2 Ke4 67. Kc8 Kf5 68. Kxb7 Kxg6 69. Kc6 Bh6 70. b7 Bf4 71. Kd7 1/2-1/2

[Event "SK Schmiden/Cannstatt - Stuttgarter SF 2"]
[Site "?"]
[Date "2023.02.05"]
[Round "6.3"]
[White "Migl, Dieter"]
[Black "Trachtmann, Mark"]
[Result "1/2-1/2"]
[WhiteElo "2090"]
[BlackElo "2226"]
[PlyCount "42"]
[EventDate "2023.??.??"]

1. e4 g6 2. d4 Bg7 3. Nc3 d6 4. f4 c6 5. Nf3 Nf6 6. Bd3 O-O 7. O-O Qb6 8. Qe1 Bg4 9. e5 Nd5 10. Nxd5 cxd5 11. Qh4 Bxf3 12. Rxf3 dxe5 13. fxe5 Bxe5 14. c3 Bf6 15. Bg5 Bxg5 16. Qxg5 Qd6 17. Re1 Nc6 18. Qh6 f5 19. Rfe3 Qf6 20. Re6 Qg7 21. Qxg7+ Kxg7 1/2-1/2

[Event "SK Schmiden/Cannstatt - Stuttgarter SF 2"]
[Site "?"]
[Date "2023.02.05"]
[Round "6.4"]
[White "Löhr, Markus"]
[Black "Gabriel, Robert"]
[Result "1-0"]
[WhiteElo "2197"]
[BlackElo "2198"]
[PlyCount "87"]
[EventDate "2023.??.??"]

1. d4 Nf6 2. c4 e6 3. Nf3 d5 4. g3 Bb4+ 5. Bd2 Bxd2+ 6. Nbxd2 O-O 7. Bg2 b6 8. cxd5 Nxd5 9. O-O Bb7 10. Qc2 Nd7 11. Rfd1 c5 12. e4 N5f6 13. e5 Bxf3 14. Nxf3 Nd5 15. h4 h6 16. dxc5 bxc5 17. Qe2 Qc7 18. Rac1 Rfb8 19. Rc4 a5 20. Rd2 Rb4 21. Rdc2 Rab8 22. Bf1 Qb6 23. Rxb4 axb4 24. Qe4 Qa5 25. Bd3 Nf8 26. Bc4 Rd8 27. Bb3 Nb6 28. Nd2 Qb5 29. Nc4 Rd1+ 30. Kh2 Nd5 31. Qf3 Re1 32. Nd6 Qf1 33. Bxd5 exd5 34. Qxf7+ Kh7 35. Qxd5 Ne6 36. Nf5 Nd4 37. Nxd4 cxd4 38. e6 Qg1+ 39. Kh3 Qf1+ 40. Kg4 Qa6 41. Qf5+ Kh8 42. e7 g6 43. Rc8+ Kg7 44. Qf8+ 1-0

[Event "SK Schmiden/Cannstatt - Stuttgarter SF 2"]
[Site "?"]
[Date "2023.02.05"]
[Round "6.5"]
[White "Weidel, Albrecht"]
[Black "Thoma, Christian"]
[Result "1/2-1/2"]
[WhiteElo "2126"]
[BlackElo "2195"]
[PlyCount "52"]
[EventDate "2023.??.??"]

1. Nf3 Nf6 2. g3 d5 3. Bg2 e6 4. O-O Be7 5. d4 O-O 6. c4 Nbd7 7. Qc2 c5 8. Rd1 b6 9. cxd5 exd5 10. Nc3 Bb7 11. Bf4 Rc8 12. Rac1 Re8 13. Qf5 g6 14. Qb1 Bf8 15. Bh3 a6 16. Bg5 Rc7 17. Bf4 Rc8 18. Bg5 Rc7 19. Bf4 Rc8 20. Be5 Bg7 21. a3 Qe7 22. Qa2 Rcd8 23. Bc7 Rc8 24. Be5 Rcd8 25. Bc7 Rc8 26. Be5 Rcd8 1/2-1/2

[Event "SK Schmiden/Cannstatt - Stuttgarter SF 2"]
[Site "?"]
[Date "2023.02.05"]
[Round "6.6"]
[White "Eisele, Steffen"]
[Black "Leitherer, Johannes"]
[Result "0-1"]
[WhiteElo "2240"]
[BlackElo "1938"]
[PlyCount "44"]
[EventDate "2023.??.??"]

1. e4 e5 2. f4 exf4 3. Bc4 Nc6 4. d4 Nf6 5. e5 d5 6. Be2 Ne4 7. Bxf4 Be7 8. Nf3 O-O 9. O-O f6 10. c3 fxe5 11. Nxe5 Nxe5 12. Bxe5 Bg5 13. h3 Be3+ 14. Kh2 Nf2 15. Qe1 Bxh3 16. Bg3 Bxg2 17. Kxg2 Qg5 18. Na3 h5 19. Bxh5 Qxh5 20. Rxf2 Bxf2 21. Bxf2 Qf3+ 22. Kg1 Rae8 0-1

[Event "SK Schmiden/Cannstatt - Stuttgarter SF 2"]
[Site "?"]
[Date "2023.02.05"]
[Round "6.7"]
[White "Gabriel, Josef"]
[Black "Scheeff, Volker"]
[Result "0-1"]
[WhiteElo "2084"]
[BlackElo "2071"]
[PlyCount "84"]
[EventDate "2023.??.??"]

1. e4 e6 2. d3 d5 3. Nd2 c5 4. Ngf3 Nc6 5. g3 Bd6 6. Bg2 Nge7 7. O-O O-O 8. Re1 Qc7 9. Qe2 f6 10. c3 d4 11. Nc4 e5 12. a4 Be6 13. Nxd6 Qxd6 14. c4 Nb4 15. h3 a6 16. Rf1 b5 17. b3 bxc4 18. bxc4 Rab8 19. Ne1 Nec6 20. f4 Na5 21. fxe5 fxe5 22. Rxf8+ Rxf8 23. Qd1 Qd7 24. Nf3 Bxh3 25. Nxe5 Qe6 26. Nf3 Qg4 27. Kh2 Nac6 28. Ba3 Qh5 29. Bxh3 Qxf3 30. Bxb4 Nxb4 31. Be6+ Kh8 32. Qxf3 Rxf3 33. Kg2 Rf6 34. Bd5 Nxd3 35. Ra3 Ne5 36. Rb3 g5 37. a5 d3 38. Rb8+ Kg7 39. Rg8+ Kh6 40. Rd8 d2 41. Bg8 Kg7 42. Bxh7 Nxc4 0-1

[Event "SK Schmiden/Cannstatt - Stuttgarter SF 2"]
[Site "?"]
[Date "2023.02.05"]
[Round "6.8"]
[White "Witke, Thomas"]
[Black "Schmid, Hartmut"]
[Result "1/2-1/2"]
[WhiteElo "2213"]
[BlackElo "2087"]
[PlyCount "47"]
[EventDate "2023.??.??"]

1. d4 d5 2. Bf4 Nf6 3. e3 e6 4. Nc3 Bb4 5. Bd3 Nbd7 6. Nf3 Ne4 7. Bxe4 dxe4 8. Ng5 Nf6 9. O-O Bxc3 10. bxc3 h6 11. Nh3 b6 12. f3 Bb7 13. fxe4 Bxe4 14. Be5 Rg8 15. Rf4 Bb7 16. Qd3 Qd5 17. e4 Nxe4 18. c4 Qc6 19. d5 exd5 20. cxd5 Qxd5 21. Qxd5 Bxd5 22. Re1 Nc5 23. Bxc7+ Be6 24. Rd4 1/2-1/2

[Event "TG Biberach - SV Jedesheim"]
[Site "?"]
[Date "2023.02.05"]
[Round "6.1"]
[White "Atlas, Valery"]
[Black "Sinz, Bernhard"]
[Result "1/2-1/2"]
[WhiteElo "2409"]
[BlackElo "2311"]
[PlyCount "76"]
[EventDate "2023.??.??"]

1. e4 c6 2. Nf3 d5 3. d3 dxe4 4. dxe4 Qxd1+ 5. Kxd1 g6 6. Nbd2 Bg7 7. c3 Nf6 8. Ne1 O-O 9. Nd3 a5 10. a4 Na6 11. Kc2 Nd7 12. Nc4 Nac5 13. Nxc5 Nxc5 14. Nb6 Nxe4 15. Nxa8 Nxf2 16. Nb6 Bf5+ 17. Kb3 Nxh1 18. Be3 Be5 19. Bc4 Bxh2 20. Rxh1 Bc7 21. Bc5 Rd8 22. Bxe7 Bxb6 23. Bxd8 Bxd8 24. Rd1 Bg5 25. Bd3 Be6+ 26. Kc2 h5 27. Be4 Kg7 28. b4 axb4 29. cxb4 Be7 30. Rb1 Ba2 31. Rb2 Bc4 32. Rb1 Ba2 33. Re1 Bc4 34. Rd1 Be6 35. Kc3 Bf6+ 36. Kc2 Be7 37. Kc3 Bf6+ 38. Kc2 Be7 1/2-1/2

[Event "TG Biberach - SV Jedesheim"]
[Site "?"]
[Date "2023.02.05"]
[Round "6.2"]
[White "Oberst, Thomas"]
[Black "Heidenfeld, Mark"]
[Result "1/2-1/2"]
[WhiteElo "2249"]
[BlackElo "2341"]
[PlyCount "46"]
[EventDate "2023.??.??"]

1. Nf3 d5 2. g3 Nf6 3. Bg2 c6 4. b3 g6 5. Bb2 Bg7 6. h3 O-O 7. O-O a5 8. d3 a4 9. b4 Qb6 10. a3 c5 11. c3 Nc6 12. Nbd2 h6 13. e4 dxe4 14. dxe4 Be6 15. Qe2 Nd7 16. Rfb1 cxb4 17. cxb4 Bxb2 18. Rxb2 Rac8 19. e5 Nd4 20. Nxd4 Qxd4 21. Nf3 Qc3 22. Qd2 Qxd2 23. Rxd2 Rc7 1/2-1/2

[Event "TG Biberach - SV Jedesheim"]
[Site "?"]
[Date "2023.02.05"]
[Round "6.3"]
[White "Matt, Fabian"]
[Black "Mack, Wolfgang"]
[Result "1-0"]
[WhiteElo "2291"]
[BlackElo "2265"]
[PlyCount "145"]
[EventDate "2023.??.??"]

1. d4 g6 2. e4 c6 3. Nc3 d5 4. f3 Bg7 5. Be3 Nf6 6. e5 Ng8 7. Qd2 a5 8. Bd3 Na6 9. a3 h5 10. Nge2 Nh6 11. O-O Nf5 12. Bf2 Be6 13. Nd1 Nc7 14. c3 Qd7 15. Qc2 a4 16. Nf4 b5 17. Kh1 Qc8 18. Nxe6 Qxe6 19. Ne3 Nxe3 20. Bxe3 Qd7 21. f4 e6 22. g3 Kd8 23. Kg2 Kc8 24. h3 Kb7 25. Rh1 Rag8 26. Kf3 Na8 27. Raf1 Nb6 28. Ke2 Nc4 29. Bf2 Na5 30. g4 hxg4 31. hxg4 Bf8 32. Kd1 Qe8 33. f5 gxf5 34. gxf5 c5 35. dxc5 Kc6 36. Bd4 Bxc5 37. Bxc5 Kxc5 38. Rxh8 Rxh8 39. Qf2+ Kc6 40. Qa7 Nc4 41. Bxc4 dxc4 42. Qa6+ Kc7 43. fxe6 Qd8+ 44. Qd6+ Qxd6+ 45. exd6+ Kxd6 46. exf7 Ke7 47. Rf5 Rf8 48. Rxb5 Rxf7 49. Rb4 Rf4 50. Rxa4 Rh4 51. Ra6 Kd7 52. Kc2 Kc7 53. Kb1 Rh5 54. Ka2 Rg5 55. a4 Rh5 56. Rg6 Rh4 57. Ka3 Rf4 58. a5 Rh4 59. Rg2 Kc6 60. Kb4 Rf4 61. Rd2 Kb7 62. Rd4 Rf2 63. Ka3 Ka6 64. Rxc4 Kxa5 65. b4+ Kb5 66. Rc5+ Kb6 67. Kb3 Rf4 68. Rc4 Rf6 69. Rh4 Rg6 70. c4 Rf6 71. Ka4 Rg6 72. c5+ Kc6 73. Rd4 1-0

[Event "TG Biberach - SV Jedesheim"]
[Site "?"]
[Date "2023.02.05"]
[Round "6.4"]
[White "Fischer, Andre"]
[Black "Atlas, Dmitry"]
[Result "1/2-1/2"]
[WhiteElo "2274"]
[BlackElo "2219"]
[PlyCount "106"]
[EventDate "2023.??.??"]

1. e4 e6 2. d4 d5 3. Nc3 Bb4 4. e5 c5 5. a3 Bxc3+ 6. bxc3 Qa5 7. Bd2 Qa4 8. Qb1 c4 9. h4 Nc6 10. h5 h6 11. Nf3 Bd7 12. Be2 O-O-O 13. O-O g5 14. Re1 f5 15. exf6 Nxf6 16. Ne5 Nxe5 17. dxe5 Ne4 18. Qc1 Rhf8 19. Bf3 Nxd2 20. Qxd2 Rxf3 21. gxf3 Rf8 22. Qe3 b6 23. Red1 Qxc2 24. a4 Kc7 25. a5 Rb8 26. axb6+ axb6 27. Rdb1 Kc6 28. Rb4 Qd3 29. Qxd3 cxd3 30. Rd1 Be8 31. Rxd3 Bxh5 32. f4 g4 33. Ra4 Bg6 34. Rd2 Kc5 35. Ra7 Kc4 36. Rc7+ Kb3 37. Rd4 b5 38. Kh2 b4 39. cxb4 Rxb4 40. Rxb4+ Kxb4 41. Kg3 Bf5 42. f3 h5 43. fxg4 hxg4 44. Kf2 d4 45. Ke2 Be4 46. Rg7 Kc3 47. Rxg4 d3+ 48. Ke3 d2 49. Rg1 Bc2 50. Ke2 Bf5 51. Kd1 Bc2+ 52. Ke2 Bf5 53. Kd1 Bc2+ 1/2-1/2

[Event "TG Biberach - SV Jedesheim"]
[Site "?"]
[Date "2023.02.05"]
[Round "6.5"]
[White "Anistratov, Dmitriy"]
[Black "Wunder, Niklas"]
[Result "0-1"]
[WhiteElo "2257"]
[BlackElo "2071"]
[PlyCount "92"]
[EventDate "2023.??.??"]

1. Nf3 d5 2. g3 g6 3. Bg2 Bg7 4. d4 c6 5. O-O Nf6 6. c4 O-O 7. Ne5 Nbd7 8. cxd5 Nxe5 9. dxe5 Nxd5 10. e4 Nb4 11. Qb3 a5 12. Bf4 Be6 13. Qc3 Nxa2 14. Qc5 Nb4 15. Ra3 Nd3 16. Qc2 Nxe5 17. Nd2 b5 18. Rd1 Qc8 19. Rc3 Nc4 20. Nxc4 Bxc4 21. e5 Qe6 22. b3 Bd5 23. Bxd5 cxd5 24. Qd3 a4 25. Qxb5 Rfb8 26. Qd3 d4 27. Qxd4 axb3 28. Rcc1 h6 29. h4 Ra5 30. Qd2 Ra2 31. Qc3 Kh7 32. Rb1 Rc2 33. Qd3 Rc5 34. Re1 Rbb5 35. Rb2 f6 36. Reb1 fxe5 37. Be3 e4 38. Qe2 Rh5 39. Rd2 Rhd5 40. Qd1 Rxd2 41. Qxd2 Qd6 42. Qe1 Qd3 43. Kg2 b2 44. Kh2 Bc3 45. Qh1 Ra5 46. Rd1 Ra1 0-1

[Event "TG Biberach - SV Jedesheim"]
[Site "?"]
[Date "2023.02.05"]
[Round "6.6"]
[White "Birkenmaier, Rainer"]
[Black "Bossinger, Patrick"]
[Result "1/2-1/2"]
[WhiteElo "2096"]
[BlackElo "2000"]
[PlyCount "59"]
[EventDate "2023.??.??"]

1. d4 Nf6 2. Nf3 d5 3. c3 Bf5 4. Bf4 e6 5. Qb3 Qc8 6. Nbd2 Be7 7. e3 h6 8. c4 O-O 9. Bd3 Bxd3 10. Qxd3 dxc4 11. Qxc4 Nc6 12. O-O Bd6 13. Bg3 Bxg3 14. hxg3 Qd7 15. Nb3 Qd5 16. Qxd5 Nxd5 17. Rfc1 a5 18. Nc5 Ra7 19. b3 Ncb4 20. a3 Na6 21. Ne5 Nxc5 22. Rxc5 c6 23. Rb1 Rfa8 24. g4 Kf8 25. g3 Ra6 26. Kg2 Ke7 27. Kf3 Rb6 28. e4 Nf6 29. Ke3 Nd7 30. Nxd7 1/2-1/2

[Event "TG Biberach - SV Jedesheim"]
[Site "?"]
[Date "2023.02.05"]
[Round "6.7"]
[White "Buechele, Johannes"]
[Black "Engelhart, Achim"]
[Result "1/2-1/2"]
[WhiteElo "1907"]
[BlackElo "2047"]
[PlyCount "31"]
[EventDate "2023.??.??"]

1. d4 d5 2. c4 dxc4 3. e3 e6 4. Bxc4 c5 5. Nf3 a6 6. O-O Nf6 7. Nbd2 Nc6 8. dxc5 Bxc5 9. a3 b5 10. Be2 Bb7 11. b4 Bd6 12. Bb2 O-O 13. Rc1 Qe7 14. Qc2 Rfc8 15. Qb1 a5 16. Bxb5 1/2-1/2

[Event "TG Biberach - SV Jedesheim"]
[Site "?"]
[Date "2023.02.05"]
[Round "6.8"]
[White "Weiss, Oliver"]
[Black "Jaskulski, Jan"]
[Result "1-0"]
[WhiteElo "2216"]
[BlackElo "1992"]
[PlyCount "73"]
[EventDate "2023.??.??"]

1. d4 Nf6 2. Bf4 d5 3. e3 e6 4. Nd2 Bd6 5. Bg3 O-O 6. Bd3 c5 7. c3 b6 8. Ngf3 Ba6 9. Bxa6 Nxa6 10. Ne5 Nb8 11. O-O Qc7 12. Qe2 Nbd7 13. f4 b5 14. a3 a5 15. Rac1 c4 16. e4 Rfb8 17. Nxf7 Kxf7 18. e5 Re8 19. Nf3 Ne4 20. Ng5+ Kg8 21. Nxe4 Be7 22. Nf2 Qb6 23. Ng4 b4 24. axb4 axb4 25. f5 exf5 26. Ne3 Bg5 27. Nxd5 Qb7 28. Qf3 Kh8 29. Rce1 bxc3 30. bxc3 Ra2 31. e6 Nf6 32. Nc7 Qxf3 33. Rxf3 Re7 34. Bd6 Bd2 35. Bxe7 Bxe1 36. Bxf6 Ra1 37. Rf1 1-0